| 000 | 01571nam1a2200265 4500 | ||
|---|---|---|---|
| 001 | RU\NLR\BIBL_A\011151116 | ||
| 005 | 20170907131156.0 | ||
| 035 | _a(NLR Aleph) 011151116 | ||
| 090 |
_a11673838 _c11673838 |
||
| 100 | _a20160422d2015 u y0rusy50 ca | ||
| 101 | 0 | _arus | |
| 102 | _aRU | ||
| 105 | _a||||j|||||||| | ||
| 200 | 1 |
_aГидрографические информационные технологии _eучебное пособие _eпо специальности 180500.62 "Управление водным транспортом и гидрографическое обеспечение судоходства" _fЮ.Г. Фирсов _gФедер. агентство мор. и реч. трансп., Федер. гос. ун-т мор. и реч. флота им. адм. С.О. Макарова, Ин-т мор. акад., Аркт. фак., Каф. "Гидрография моря" |
|
| 210 |
_aСанкт-Петербург _cИзд-во ГУМРФ _d2015 |
||
| 215 | _d20 | ||
| 300 | _aВ вып. дан. авт.: Фирсов Ю.Г., к.т.н., доц. | ||
| 606 | 1 |
_aМоря и океаны _xГидрография _xИнформационные технологии _jУчебные издания для высших учебных заведений _2nlr_sh2 _3RU\NLR\AUTH\6601597683 |
|
| 686 | 1 | _aД221.0с51я73 | |
| 700 | 1 |
_aФирсов _bЮ. Г. _gЮрий Георгиевич |
|
| 852 |
_aNLR _j2016-3/12548 |
||
| 942 | _cBOOK | ||
| 980 | _aNB | ||